[Event "Kecskemet"]
[Site "Kecskemet"]
[Date "1990.??.??"]
[Round "10"]
[White "Muse, Mladen"]
[Black "Videki, Sandor"]
[Result "0-1"]
[WhiteElo "2425"]
[BlackElo "2440"]
[Annotator "Schussler,H"]
[PlyCount "74"]
[EventDate "1990.06.??"]
[EventType "tourn"]
[EventRounds "13"]
[EventCountry "HUN"]
[EventCategory "8"]
[SourceTitle "CBM 020"]
[Source "ChessBase"]
[SourceDate "1991.02.01"]
[SourceVersion "1"]
[SourceVersionDate "1991.02.01"]
[SourceQuality "1"]

1. Nf3 f5 2. g3 Nf6 3. Bg2 g6 4. b3 Bg7 5. Bb2 O-O 6. O-O d6 7. d4 Qe8 {
At this stage the players of the White pieces has tried differens moves.
Perhaps 8.c4, allowing 8. - e5 9.dxe5 Ng4 is strongest while 8.d5 and 8.Qd3 
(as in this game) is more speculative.} 8. Qd3 Nc6 9. Qc4+ e6 10. b4 a6 11. Qb3
Kh8 12. a4 e5 13. dxe5 dxe5 14. b5 Be6 15. Qe3 axb5 16. axb5 Rxa1 17. Bxa1 e4
18. bxc6 exf3 19. Bxf3 bxc6 20. Nd2 Bd5 21. Qd3 Qe7 22. c4 Bxf3 23. Nxf3 Rd8
24. Qc2 Ne4 25. e3 c5 26. Qa4 Kg8 27. Rd1 Rd6 28. Rb1 Kf7 29. Bxg7 Kxg7 30. Rb7
Qd8 31. Qa1+ Kh6 32. Qe5 Rd1+ 33. Kg2 Qd6 34. Qh8 Qd3 35. Qf8+ Kh5 36. g4+ fxg4
37. Nd2 Rxd2 0-1

[Event "Taastrup"]
[Site "Taastrup"]
[Date "1990.??.??"]
[Round "6"]
[White "Farago, Ivan"]
[Black "Kristiansen, Jens"]
[Result "1-0"]
[WhiteElo "2475"]
[BlackElo "2445"]
[Annotator "Schussler,H"]
[PlyCount "71"]
[EventDate "1990.02.??"]
[EventType "tourn"]
[EventRounds "9"]
[EventCountry "DEN"]
[EventCategory "9"]
[SourceTitle "CBM 020"]
[Source "ChessBase"]
[SourceDate "1991.02.01"]
[SourceVersion "1"]
[SourceVersionDate "1991.02.01"]
[SourceQuality "1"]

1. d4 f5 2. g3 Nf6 3. Bg2 e6 4. Nh3 Be7 5. O-O O-O 6. b3 d6 7. Bb2 Qe8 8. Nd2
Nc6 9. Nf4 e5 10. Nd5 Nxd5 11. Bxd5+ Kh8 12. dxe5 (12. Bxc6 Qxc6 13. dxe5 f4
14. Nf3 $13) 12... Nxe5 13. e3 Bf6 14. c4 Nf3+ 15. Nxf3 Bxb2 16. Rb1 Bf6 17.
Nd4 c6 18. Bg2 a5 19. Qd3 g6 20. Rfd1 Qe7 21. a3 Qf7 22. b4 axb4 23. axb4 Be6
24. Nxe6 Qxe6 25. b5 Rac8 26. bxc6 bxc6 27. Rb6 Qe8 28. Qa3 Be5 29. f4 Bg7 30.
Rxd6 Ra8 31. Qd3 Ra1+ 32. Bf1 c5 33. Rb7 Rg8 34. Rdd7 Qe6 35. Rxg7 Rxg7 36. Qc3
1-0

[Event "URS-ch U26"]
[Site "Minsk"]
[Date "1990.??.??"]
[Round "?"]
[White "Anastasian, Ashot"]
[Black "Piskov, Yury"]
[Result "1/2-1/2"]
[WhiteElo "2490"]
[BlackElo "2445"]
[Annotator "Schussler,H"]
[PlyCount "153"]
[EventDate "1990.01.??"]
[EventType "tourn"]
[EventRounds "13"]
[EventCountry "URS"]
[EventCategory "10"]
[SourceTitle "CBM 017"]
[Source "ChessBase"]
[SourceDate "1990.08.01"]
[SourceVersion "1"]
[SourceVersionDate "1990.08.01"]
[SourceQuality "1"]

1. d4 f5 2. Nf3 Nf6 3. g3 d6 4. b3 g6 5. Bg2 Bg7 6. O-O O-O 7. Bb2 h6 8. Nbd2
g5 9. c4 Na6 10. Ne1 c6 11. Nd3 Qe8 12. e3 Be6 13. Qe2 Qg6 14. Rae1 Nc7 15. f4
Ne4 16. a4 Rab8 17. Bf3 Ne8 18. Nf2 N8f6 19. Qd3 d5 20. cxd5 cxd5 21. Ba3 Rf7
22. Bg2 g4 23. Rc1 h5 24. Rfd1 h4 25. Nfxe4 dxe4 26. Qe2 Nh5 27. Qf2 hxg3 28.
hxg3 Bf6 29. Kf1 Rh7 30. Ke2 b5 31. axb5 Rxb5 32. Rc3 Bd5 33. Rh1 Bxd4 34. exd4
Qa6 35. Qe3 Ra5+ 36. Kf2 Rxa3 37. Rhc1 Ra2 38. R3c2 Nf6 39. Bf1 Qa3 40. Kg2
Qxc1 41. Rxa2 Qc3 42. Nc4 (42. Qxc3 $2 e3+ 43. Nf3 gxf3+ 44. Kg1 f2+) 42...
Qxb3 43. Rb2 Qc3 44. Kg1 Qxe3+ 45. Nxe3 e6 46. Rb8+ Kg7 47. Bc4 Kg6 48. Bxd5
exd5 49. Rb5 Rd7 50. Ra5 Rb7 51. Ra6 Rb6 52. Rxa7 Rb4 53. Kf2 Rxd4 54. Rg7+ $1
{Funny game, isn`t it?} Kxg7 55. Nxf5+ Kf7 56. Nxd4 {Normally 3 pawns versus 2
offers good winning chances, but here White succeds in blockading the position.
} Ke7 57. Ke3 Kd6 58. Ne2 Nh5 59. Kf2 Kc6 60. Ke3 Kc5 61. f5 Kd6 62. f6 Nxf6
63. Kd4 Ng8 64. Nc3 Ne7 65. Nb5+ (65. Nxe4+ $2 dxe4 66. Kxe4 Nc6 67. Kf5 Ne5
68. Kf4 Kd5 69. Kf5 Kd4 70. Kf4 Kd3 $1 71. Kxe5 Ke3 $19) 65... Ke6 66. Nc7+ Kf6
67. Nb5 Kf5 68. Nc3 Ke6 69. Nxd5 $1 Nxd5 70. Kxe4 Nf6+ 71. Kf4 Kf7 72. Kf5 Kg7
73. Kg5 Kf7 74. Kf5 Ke7 75. Ke5 Ng8 76. Kf5 Nf6 77. Ke5 1/2-1/2

[Event "Groningen op"]
[Site "Groningen"]
[Date "1990.??.??"]
[Round "2"]
[White "Foisor, Ovidiu Doru"]
[Black "Klip, Hans"]
[Result "1/2-1/2"]
[WhiteElo "2395"]
[BlackElo "2305"]
[Annotator "Schussler,H"]
[PlyCount "44"]
[EventDate "1990.??.??"]
[EventType "swiss"]
[EventRounds "9"]
[EventCountry "NED"]
[SourceTitle "CBM 022"]
[Source "ChessBase"]
[SourceDate "1991.06.01"]
[SourceVersion "1"]
[SourceVersionDate "1991.06.01"]
[SourceQuality "1"]

1. d4 f5 2. g3 g6 3. Bg2 Bg7 4. Nh3 Nf6 5. Nf4 d6 6. d5 O-O 7. h4 Qe8 8. Nc3 c6
9. h5 g5 10. h6 Bh8 11. Nh3 g4 12. Nf4 Na6 13. Be3 Nc7 {Nice. The knight
attacks d5 and controls the weak square e6.} 14. Qd3 c5 15. a4 Rb8 16. Nb5 Nxb5
17. axb5 a6 18. bxa6 bxa6 19. Bc1 Rb6 20. c3 Qf7 21. Qe3 Bd7 22. O-O Rfb8
1/2-1/2

[Event "Groningen op"]
[Site "Groningen"]
[Date "1990.??.??"]
[Round "2"]
[White "Taeger, Winfried"]
[Black "Pomes Marcet, Juan"]
[Result "0-1"]
[WhiteElo "2315"]
[BlackElo "2420"]
[Annotator "Schussler,H"]
[PlyCount "70"]
[EventDate "1990.??.??"]
[EventType "swiss"]
[EventRounds "9"]
[EventCountry "NED"]
[SourceTitle "CBM 022"]
[Source "ChessBase"]
[SourceDate "1991.06.01"]
[SourceVersion "1"]
[SourceVersionDate "1991.06.01"]
[SourceQuality "1"]

1. Nf3 d6 2. d4 f5 3. g3 Nf6 4. Bg2 g6 5. O-O Bg7 6. c3 O-O 7. Qb3+ Kh8 8. Ng5
{Too primitive. The N should control e5.} d5 $1 9. Nd2 Nc6 10. f4 Ne4 $10 11.
Ngf3 b6 12. Rd1 Ba6 13. Bf1 Qd6 14. Ne5 Nxe5 15. fxe5 Qe6 16. Nf3 h6 17. Qa4
Qc8 18. Qc6 e6 19. Qa4 c6 20. Re1 g5 21. Bg2 Bb5 22. Qd1 a5 23. Nd2 Qe8 24.
Nxe4 fxe4 25. Be3 Qg6 $15 {Black has more space.} 26. a4 Ba6 27. Qc2 Qh5 28. b3
Qg4 29. c4 h5 30. Qd2 h4 31. Bxg5 hxg3 32. hxg3 Qxg3 33. Rac1 Rf5 34. Be3 Bh6
35. Rc3 Rg8 0-1

[Event "Rimavska Sobota"]
[Site "Rimavska Sobota"]
[Date "1991.??.??"]
[Round "4"]
[White "Lutz, Christopher"]
[Black "Zeitlein, Michael"]
[Result "1/2-1/2"]
[WhiteElo "2500"]
[BlackElo "2490"]
[Annotator "Schussler,H"]
[PlyCount "90"]
[EventDate "1991.05.??"]
[EventType "tourn"]
[EventRounds "13"]
[EventCountry "CSR"]
[EventCategory "9"]
[SourceTitle "CBM 024"]
[Source "ChessBase"]
[SourceDate "1991.10.01"]
[SourceVersion "1"]
[SourceVersionDate "1991.10.01"]
[SourceQuality "1"]

1. d4 f5 2. Nf3 Nf6 3. g3 g6 4. Bg2 Bg7 5. O-O O-O 6. b3 Nc6 {Usual is 6. - d6,
but Black`s move order has a point. In this way he retains the option of
playing d7-d5, strengthening e4, instead of d7-d6.} 7. Bb2 Ne4 8. Qc1 d5 9. c4
e6 10. e3 g5 {Black wants to force away Nf3 so that he can control e5. Solid
is 10. - Bd7.} 11. Nc3 g4 12. Ne1 Ne7 13. Nd3 Ng6 14. Ne2 c6 15. Nef4 Qe8 16.
Ba3 Nxf4 17. Nxf4 Rf6 18. Qd1 h5 19. f3 Ng5 20. Nd3 Rh6 21. Bd6 b6 22. Rc1 Bb7
23. Bf4 Bf6 24. Qc2 Rh7 25. Be5 Be7 26. Nf4 Rc8 27. fxg4 hxg4 28. Nxe6 $1 Nxe6
29. Qxf5 Bg5 30. cxd5 $16 Bxe3+ 31. Kh1 Rh5 32. Qxg4+ Rg5 33. Qxe6+ Qxe6 34.
dxe6 Bxc1 35. Rxc1 Re8 36. Bf4 Rg6 37. Bh3 c5+ 38. Kg1 cxd4 39. Rc7 Rg7 40. Rd7
Bc8 41. Rd6 Rg6 42. Bf5 Rf6 43. g4 Bxe6 44. Bg5 Rxf5 45. gxf5 Bxf5 $14 1/2-1/2

[Event "Kecskemet Szechenyi"]
[Site "Kecskemet"]
[Date "1991.??.??"]
[Round "7"]
[White "Van Wely, Loek"]
[Black "Malaniuk, Vladimir P"]
[Result "1/2-1/2"]
[WhiteElo "2475"]
[BlackElo "2510"]
[Annotator "Schussler,H"]
[PlyCount "27"]
[EventDate "1991.07.??"]
[EventType "tourn"]
[EventRounds "9"]
[EventCountry "HUN"]
[EventCategory "8"]
[SourceTitle "CBM 026"]
[Source "ChessBase"]
[SourceDate "1992.02.01"]
[SourceVersion "1"]
[SourceVersionDate "1992.02.01"]
[SourceQuality "1"]

1. d4 f5 2. g3 Nf6 3. Bg2 d6 4. Nf3 g6 5. O-O Bg7 6. b3 {Besides the
Nh3-variation White`s most popular anti-Leningrad weapon.} O-O 7. Bb2 Qe8 8.
Nbd2 {8.c4 leads to a different type of play. See Shirov,A-Piskov,Y, Moscow
1991 (CBM 26/game 417).} Nc6 9. Re1 (9. Nc4 {Preventing e7-e5, but losing
control over e4.} e6 10. e3 Bd7 11. a4 Rd8 12. Qe2 Ne4 13. Ne1 d5 $10 {Badea,
A-Piskov,Y, Moscow 1991 (CBM 26/game 368).}) 9... h6 {Typical Malaniuk! The
main-line starts with the straight-forward e7-e5.} (9... e5 10. dxe5 dxe5 11.
e4 fxe4 12. Nxe4 Nxe4 13. Rxe4 Bf5 14. Re3 Rd8 15. Qf1 e4 $10 {15. - Bxc2? 16.
Qc4+ + - . After 15. - e5 Black is more or less OK, Szekeyly,P- Glek,I, Moscow
1991 (CBM 26/game 420).}) 10. e4 fxe4 11. Nxe4 Nxe4 12. Rxe4 g5 13. c4 Qh5 14.
Re3 1/2-1/2

[Event "Voskresensk"]
[Site "Voskresensk"]
[Date "1990.??.??"]
[Round "?"]
[White "Khenkin, Igor"]
[Black "Vasiukov, Evgeni"]
[Result "1-0"]
[WhiteElo "2450"]
[BlackElo "2545"]
[Annotator "Schussler,H"]
[PlyCount "139"]
[EventDate "1990.07.??"]
[EventType "tourn"]
[EventRounds "11"]
[EventCountry "URS"]
[EventCategory "9"]
[SourceTitle "CBM 019"]
[Source "ChessBase"]
[SourceDate "1990.12.01"]
[SourceVersion "1"]
[SourceVersionDate "1990.12.01"]
[SourceQuality "1"]

1. d4 f5 2. g3 Nf6 3. Bg2 d6 4. Nc3 c6 5. e4 fxe4 6. Nxe4 Nxe4 7. Bxe4 Bf5 $5
8. Qf3 Bxe4 9. Qxe4 Qa5+ 10. c3 Qd5 11. Qxd5 cxd5 12. Ne2 e6 13. Nf4 Kd7 14.
O-O Na6 15. Re1 Nc7 16. Re2 Be7 17. h4 Rhf8 18. Kg2 Rae8 19. Nd3 Bf6 20. Bf4 a5
21. h5 b5 22. a3 Rg8 23. f3 Rb8 24. Bd2 Rbe8 25. g4 h6 26. f4 g6 27. hxg6 Rxg6
28. Kf3 Reg8 29. Rg1 Bd8 30. Rh2 Ne8 31. g5 Nf6 (31... hxg5 32. fxg5 Bxg5 33.
Rhg2 $18) 32. Nf2 hxg5 33. fxg5 Rf8 34. Ke3 Ne8 35. Ke2 e5 36. Rh7+ Ke6 37. Nd3
Bc7 38. Be3 Rf7 39. Rh6 Rfg7 40. Rgh1 Kf5 41. Rf1+ Ke6 42. Rf8 Kd7 43. Rhh8
exd4 44. cxd4 Re7 45. Kf3 Ng7 46. Rh6 Rge6 47. Bf2 Rxh6 48. gxh6 Ne6 49. Rg8
Rf7+ 50. Kg4 Bd8 51. Be3 Bf6 52. Kh5 Be7 53. Kg4 Bf6 54. Rb8 Kc6 55. Rc8+ Kb7
56. Re8 Nc7 57. Rg8 Ne6 58. Kh5 Be7 59. Rg6 Bf6 60. Rg2 Bh8 61. Rg8 Rf3 62.
Rxh8 Rxe3 63. Nf2 Rg3 64. Re8 Ng7+ 65. hxg7 Rxg7 66. Ng4 Rf7 67. Re2 Rf5+ 68.
Kh4 Rf4 69. Rd2 b4 70. Kg3 1-0

[Event "Leon"]
[Site "Leon"]
[Date "1990.??.??"]
[Round "10"]
[White "Bass, Leonid"]
[Black "Ochoa de Echaguen, Francisco Javier"]
[Result "1/2-1/2"]
[WhiteElo "2485"]
[BlackElo "2400"]
[Annotator "Schussler,H"]
[PlyCount "65"]
[EventDate "1990.06.??"]
[EventType "tourn"]
[EventRounds "11"]
[EventCountry "ESP"]
[EventCategory "9"]
[SourceTitle "CBM 020"]
[Source "ChessBase"]
[SourceDate "1991.02.01"]
[SourceVersion "1"]
[SourceVersionDate "1991.02.01"]
[SourceQuality "1"]

1. d4 f5 2. g3 Nf6 3. Bg2 g6 4. Nd2 Bg7 5. c3 c6 6. Ngf3 O-O 7. O-O d5 8. Ne5
Nbd7 9. Ndf3 Nxe5 10. Nxe5 Nd7 11. Nd3 e5 $10 12. dxe5 Nxe5 13. Nxe5 Bxe5 14.
Bh6 Re8 15. Qd2 Be6 16. Be3 Bf7 17. Bd4 Qe7 18. Rfe1 c5 19. Bxe5 Qxe5 20. b4 b6
21. bxc5 bxc5 22. c4 Rad8 23. cxd5 Bxd5 24. Bxd5+ Rxd5 25. Qc2 Qe4 26. Rac1
Qxc2 27. Rxc2 Kf7 28. Rb1 Re7 29. h4 Rc7 30. Rbc1 Ke6 31. Kg2 Rd6 $2 32. Kf3 (
32. Rxc5 Rxc5 33. Rxc5 Rd2 34. Ra5 Rxe2 35. Rxa7 $14) 32... Rd4 33. e3 1/2-1/2

[Event "EU-chT (Men) 12th"]
[Site "Batumi"]
[Date "1999.12.05"]
[Round "7.4"]
[White "Izeta Txabarri, Felix"]
[Black "Kiroski, Toni"]
[Result "1/2-1/2"]
[WhiteElo "2505"]
[BlackElo "2366"]
[Annotator "Tsesarsky,I"]
[PlyCount "156"]
[EventDate "1999.11.06"]
[EventType "team-swiss"]
[EventRounds "9"]
[EventCountry "GEO"]
[SourceTitle "CBM 074"]
[Source "ChessBase"]
[SourceDate "2000.02.01"]
[SourceVersion "1"]
[SourceVersionDate "2000.02.01"]
[SourceQuality "1"]
[WhiteTeam "Spain"]
[BlackTeam "Macedonia"]
[WhiteTeamCountry "ESP"]
[BlackTeamCountry "MKD"]

1. d4 f5 2. g3 Nf6 3. Bg2 g6 4. Nh3 Bg7 5. Nf4 Nc6 6. d5 Ne5 7. Nc3 O-O (7...
c6 8. e4 (8. h4 Nf7 9. e4 O-O 10. exf5 gxf5 11. Nh5 Nxh5 12. Qxh5 e6 13. dxe6
dxe6 14. O-O $14 {1/2-1/2 Smyslov,V-Kindermann,S/Muenster 1993 (34)}) (8. Nd3
Nf7 9. O-O O-O 10. f4 cxd5 11. Nxd5 Nxd5 12. Bxd5 e6 13. Bg2 d5 14. Be3 Bd7 15.
c3 $11 {0-1 Rubinstein Akiba K-Bogoljubov Efim/Carlsbad Czech Republic 1923 
(43)}) 8... fxe4 (8... O-O 9. exf5 (9. O-O fxe4 10. Nxe4 Nxd5 11. Nxd5 cxd5 12.
Qxd5+ e6 13. Qd1 d5 14. Nd2 Qb6 15. a4 a5 16. Ra2 Bd7 $11 {1/2-1/2 Panno,
O-Quinteros,M/Buenos Aires FMD tt ,EXT 1993 (64)}) 9... gxf5 10. Qe2 Ng6 11.
Nxg6 hxg6 12. O-O cxd5 13. Nxd5 Nxd5 14. Bxd5+ e6 15. Bg2 d5 16. c4 $14 {
1-0 Izeta,F-De la Villa Garcia,J/San Sebastian op 1994/TD 94\02 (40)}) 9. Nxe4
Nxe4 10. Bxe4 cxd5 11. Bxd5 e6 12. Bg2 O-O 13. O-O a5 14. a4 Ra6 15. Rb1 Nc6
16. c4 e5 17. Nd5 d6 18. Be4 $14 {1/2-1/2 Krasenkow,M-Bareev,E/FIDE WCh KO,
Groningen NED (3.2) 1997 (31)}) 8. e4 (8. O-O Nf7 9. e4 e5 (9... fxe4 10. Nxe4
Nxe4 11. Bxe4 c6 12. Re1 $14) 10. dxe6 dxe6 11. exf5 exf5 12. Qxd8 Rxd8 13. Nb5
Ne8 14. Be3 Bd7 15. Nd4 Rdb8 16. Nfe6 Bxe6 17. Nxe6 $14 {1-0 Serper,G-Galdunts,
S/St.Petersburg op2 1994 (34)}) (8. h4 c6 (8... Nf7 9. e4 e5 10. dxe6 dxe6 11.
O-O c6 12. Qxd8 Rxd8 13. Nd3 Ng4 14. Na4 $132 {1/2-1/2 Groffen,H-Van Beers,E/
Team-ch BEL, Antwerp BEL 1997 (47)}) 9. h5 Qe8 (9... cxd5 10. hxg6 hxg6 11.
Nfxd5 Nxd5 12. Qxd5+ e6 13. Qb3 $16 {1-0 Todor,R-Bersutzki,G/Budapest HUN 1998
(26)}) 10. hxg6 hxg6 11. a4 d6 12. Be3 Nc4 (12... Nfg4 13. Bd4 e6 14. dxc6 bxc6
15. Nb5 Qd7 16. Bxe5 Nxe5 17. Nxd6 $16 {0-1 Zakharevich,I-Lastin,A/Elista 1996/
CBM 56/[Tyomkin,D] (23)}) 13. Qd4 Nxe3 14. Qxe3 Ng4 15. Qd2 Ne5 $14) 8... d6 (
8... Nxe4 9. Nxe4 fxe4 10. Bxe4 Nc4 11. c3 b5 (11... Nd6 12. Bg2 e5 13. dxe6
dxe6 14. O-O $14) 12. O-O $14) 9. exf5 Bxf5 10. h3 (10. O-O Qd7 (10... c6 11.
h3 $14) 11. h3 (11. Ne6 Bxe6 12. dxe6 Qxe6 13. Re1 Qg4 14. Qxg4 Nfxg4 15. f4
Nc6 16. Bd5+ Kh8 17. Bxc6 bxc6 18. Rxe7 Rae8 $132) 11... h5 12. Re1 $14) 10...
c6 11. O-O (11. g4 $5 Bd7 12. O-O (12. g5 $5 Ne8 13. h4 Nc7 14. h5 $14) 12...
Kh8 13. a4 cxd5 14. Ncxd5 Nxd5 15. Bxd5 Qc8 16. Re1 $14) 11... Ne8 (11... Qb6
12. Qe2 $14) 12. Nce2 Nc7 13. Nd4 Bd7 14. Kh2 $6 (14. Re1 Kh8 15. Nde6 Bxe6 16.
Nxe6 Nxe6 17. dxe6 $14) 14... Qe8 15. Nde6 $2 $17 (15. c3 $142 Qf7 16. Qb3 Rab8
17. Nfe6 Bxe6 18. dxe6 Qf6 19. f4 Nd3 20. Be3 (20. f5 $2 c5 21. Nb5 Nxb5 22.
Qxb5 Nxc1 23. Raxc1 gxf5 24. Rcd1 Qg6 25. Qd7 Be5 26. Rf3 Qg5 $17) 20... Nc5 (
20... c5 21. Nb5 $16) 21. Qc4 (21. Qc2 N7xe6 (21... N5xe6 22. f5 Nxd4 23. Bxd4
e5 24. Bxa7 Ra8 25. Qb3+ d5 26. fxg6 Qxg6 27. Qxb7 $16) 22. b4 Na6 23. Nxe6
Qxe6 24. Bxa7 Ra8 25. Bf2 Qc4 26. Rac1 (26. Rfc1 Nxb4) 26... Nc7 27. a4 Nd5 28.
Rfe1 $132) 21... N5xe6 22. f5 d5 23. Qa4 Nxd4 24. Bxd4 Qd6 25. Bxg7 Kxg7 26.
fxg6 hxg6 27. Qxa7 $14) 15... Bxe6 16. Nxe6 Nxe6 17. dxe6 Qc8 18. f4 Nc4 19.
Qe2 (19. Qg4 Nxb2 $17) (19. Rb1 Qxe6 20. Re1 Qf7 21. b3 Nb6 22. c4 Rad8 $17)
19... Nxb2 20. Bxb2 Bxb2 21. Rab1 Bg7 22. h4 d5 23. h5 (23. c4 d4 24. h5 gxh5
25. Qxh5 Rf6 26. Bh3 Qc7 $17) 23... gxh5 (23... Rf6 24. Bh3 b5 25. hxg6 Rxg6
26. f5 Rg5 27. Rf4 Qc7 $17) 24. Bh3 (24. Qxh5 b5 25. Bh3 Qe8 $17) 24... h4 25.
Rb3 $2 $19 {Unjustifiable sacrifice of the second pawn.} (25. gxh4 Qc7 26. Qg4
Kh8 27. Kh1 b5 $17) 25... Qc7 $2 $17 (25... hxg3+ $1 26. Rxg3 Kh8 27. Qh5 (27.
Rfg1 Bh6 28. Qh5 Bxf4 29. Bf5 Rxf5 30. Qxf5 Qf8 $19) 27... Rf6 (27... Qe8 28.
Qg5 Rg8 29. Bf5 Qf8 30. Bxh7 $1 $16) 28. Rfg1 Bh6 29. Bf5 Qc7 $19) 26. Qg4 Rf6
27. Qxh4 Raf8 28. Kg2 c5 (28... b5 $17) 29. Qh5 Qc6 30. Qf3 (30. Rh1 c4 $17 {
[%cal Gf6h6]}) 30... c4 31. Rbb1 Rd8 (31... Rg6 32. Rbd1 Rg5 $5 33. Kh2 Re5 34.
Bg2 $44) (31... b5 32. Rbd1 Rd8 $17) 32. Rfd1 Rff8 33. c3 b5 34. Rd2 Qc5 35.
Rbd1 d4 36. cxd4 Rxd4 37. Rxd4 Bxd4 38. Qe4 Bg7 $6 $15 (38... Rd8 39. Bf5 Qd5
40. Bxh7+ Kg7 41. Qxd5 Rxd5 42. Be4 Rd6 43. Kf3 Kf6 $15) (38... c3 39. Rh1 h6
$1 $17 (39... Bg7 {[%tqu "En","?","","","e4h7","",10]} 40. Qxh7+ $1 Kxh7 41.
Bf5+ Kg8 42. Bh7+ Kh8 43. Bc2+ Bh6 44. Rxh6+ Kg7 45. Rg6+ Kh8 (45... Kh7 46.
Rf6+ $1 $11 (46. Rg5+ Rf5 47. Rxf5 Qc6+ $1 48. Kf2 Kg7 $17)) 46. Rh6+ $11)) 39.
Rd5 Qc6 (39... Qa3 $15) 40. Kh2 (40. Bf5 h6 (40... Rxf5 41. Rd8+ $18) 41. Rd7
Qa6 (41... Qc5 $2 42. Bg4 b4 43. Bd1 Rc8 44. Bc2 b3 $16 (44... Qc6 45. Rd8+ $18
)) (41... Qxe4+ 42. Bxe4 Bf6 43. Rxa7 $11) 42. Qc2 Qa3 43. Bh7+ Kh8 44. Be4 {
[%cal Gc2e2,Ge2h5,Gh5g6]} Bf6 45. Qe2 Rg8 46. Qf3 Qxa2+ 47. Kh3 Qb3 48. Qxb3
cxb3 49. Rxa7 $15 {[%cal Ga7a8,Ga7b7]}) 40... Qb6 41. Rh5 h6 42. Rf5 Qf2+ 43.
Bg2 Qb2 44. Rxf8+ Bxf8 45. Qf5 Qf6 (45... Bg7 46. Kh3 Qf6 (46... b4 47. Qf7+
Kh8 48. Qe8+ Kh7 49. Be4#) 47. Qxb5 c3 $11) 46. Qxb5 c3 $11 47. Be4 (47. Qc5 h5
48. Qxh5 Qh6 49. Qxh6 Bxh6 50. Be4 Kg7 $11 {[%cal Gg7f6]}) 47... h5 48. Bc2 h4
{Second time in this game} 49. Qd3 hxg3+ 50. Kxg3 Bh6 51. Qe4 Kf8 52. a4 a5 53.
Kg4 Kg8 (53... Qg7+ 54. Kf3 Qf6 $11) 54. Qe3 Kf8 55. Bf5 Qg7+ (55... Kg8 $1 56.
Qc5 Qf8 57. Qxa5 Qg7+ 58. Kf3 Qd4 59. Qc7 Qd5+ $11) 56. Kf3 Qf6 (56... Kg8 57.
Qc5 Qf8 58. Qxa5 Qc8 59. Qb5 c2 60. Bxc2 Qxc2 61. Qe8+ Kh7 62. Qxe7+ Bg7 63.
Qd7 Qf5 $44) 57. Kg4 (57. Qc5 $5 c2 $1 (57... Kg7 58. Ke4 Kf8 59. Qxa5 c2 60.
Qc7 $18) 58. Qxc2 Qd4 $11) 57... Qg7+ 58. Kf3 Qf6 59. Qd3 Qh4 60. Qd8+ Kg7 61.
Qd4+ Qf6 62. Qc5 {This move gives nothing.} c2 $1 63. Qxc2 Qd4 64. Be4 Kf6 65.
Kg4 Kxe6 66. Qc6+ Qd6 67. Bd5+ Kf6 68. Qc3+ Kg6 69. f5+ Kh7 70. Qd4 Qf6 71. Qe4
(71. Qxf6 $11) 71... Qg5+ 72. Kf3 Qh5+ 73. Kg2 Qg5+ 74. Kf3 Qh5+ 75. Kf2 Qh2+
76. Kf1 Qf4+ 77. Qxf4 Bxf4 78. Ke2 Kg7 1/2-1/2

[Event "London"]
[Site "London"]
[Date "1997.10.21"]
[Round "6"]
[White "Pedersen, Steffen"]
[Black "McDonald, Neil R"]
[Result "0-1"]
[WhiteElo "2435"]
[BlackElo "2490"]
[Annotator "Tyomkin,D"]
[PlyCount "102"]
[EventDate "1997.10.18"]
[EventType "tourn"]
[EventRounds "9"]
[EventCountry "ENG"]
[EventCategory "10"]
[SourceTitle "CBM 062"]
[Source "ChessBase"]
[SourceDate "1998.01.31"]
[SourceVersion "1"]
[SourceVersionDate "1998.01.31"]
[SourceQuality "1"]

1. d4 f5 2. g3 Nf6 3. Bg2 g6 4. Nh3 d6 5. O-O Bg7 6. c3 O-O (6... c6 {Tyomkin,D
} 7. Qb3 Qb6 8. Nd2 d5 (8... Qxb3 9. axb3 d5 10. Nf4 O-O 11. Nf3 Na6 12. Nd3
Nc7 13. Bf4 Ne6 14. Be5 $14 {Freitag,M-Bukacek,E/OST-chT 1994/1-0 (66)}) 9. Nf4
O-O 10. Nf3 Ne4 11. Nd3 Nd7 12. Bf4 Ndf6 13. c4 Nd6 14. c5 Qxb3 15. axb3 Nb5 {
1/2-1/2 Dresen,U-Knezevic,M/Wuppertal 1986}) 7. Qb3+ d5 8. Nf4 $146 (8. Nd2 {
Tyomkin,D} e6 $6 (8... c6 $142 9. Nf4 {-8.Nf4}) 9. f3 c6 10. e4 {Hager,
F-Schmidl,C/AUT-chT 1993/1-0(34)}) 8... c6 9. Nd2 g5 $2 {All the problems were
beginning after this move} (9... Qb6 $5) (9... Na6 $5 {[%cal Ga6c7]}) 10. Nd3
Kh8 11. Nf3 g4 (11... h6 12. Nfe5 {[%csl Rg6]}) 12. Nfe5 Nbd7 13. f3 $14 {
/+/- White advantage is obvious:full control in the center,e5-square captured
by knights,bishop c1 has a perfect place on-f4.Now white is starting to
prepare e2-e4 intending to open central files for rooks.} Nxe5 14. Nxe5 Qd6 15.
Nd3 b6 16. Bf4 Qd8 17. Be5 Ba6 18. Qd1 Qd7 19. Re1 {[%cal Gd3f2,Ye2e4]} Rac8
20. Nf2 Rf7 21. fxg4 fxg4 22. e4 h5 23. Qd2 Kh7 24. Bf4 Ng8 25. exd5 cxd5 26.
Nd3 Bxd3 27. Qxd3+ $16 {^^,<->e} Kh8 28. Re2 Rc6 29. Qb5 $2 (29. Rae1 $16) (29.
Kh1 $5 {[%cal Gd3b5,Ya2a4,Ya4a5]}) {[%tqu "En","","","","g7d4","",5]} 29...
Bxd4+ 30. Kh1 e6 31. Rae1 Bg7 32. h3 Nf6 33. Qd3 {white has full compensation
for the pawn.} gxh3 34. Bf3 $2 (34. Bxh3 Ne4 35. Bg2 $1 (35. Qf3 $2 Kg8 36.
Qxh5 $140 Rxf4 $1) 35... e5 (35... Nf6 $6 36. Qg6 $36) 36. Bxe4 dxe4 37. Qxd7
Rxd7 38. Bg5 $11) 34... Kg8 $19 35. Qg6 $2 {[%tqu "En","","","","e6e5","",7]}
e5 $1 {[%cal Rc6g6] White has a problem with tactical skills,but perhaps white
was in time-trouble.} 36. Rxe5 (36. Bxe5 Ne4 {[%csl Re5,Rf3]}) 36... Ne4 37.
Qxh5 {[%tqu "En","","","","f7f4","",7,"g7e5","",0]} Rxf4 $1 (37... Bxe5 $2 38.
Bxe4 dxe4 (38... Bxf4 39. Bxd5 {[%cal Gd5f7,Ye1e8]}) 39. Bxe5) 38. Bxe4 Rxe4
39. R1xe4 dxe4 40. Rxe4 Rc8 {[%csl Ye8]} 41. Kh2 Rf8 42. Qe2 Qd5 43. a3 Rf5 44.
Re7 a5 45. Re8+ Kh7 46. Qc2 Qf3 47. Qe2 a4 48. Re4 Qxe2+ 49. Rxe2 Rh5 50. Re4
Be5 51. Rg4 Bd6 0-1